Les plus gros transferts du football - Saison 2022-2023 - Statistiques

Statistiques générales
  • Ce quiz a été pris 131 fois
  • Le résultat moyen est 9 sur 10
Statistiques - réponses
Montant de transfert (M €) Nationalité Venant de Allant à Joueur % Correct
85,00 Uruguay Benfica Liverpool Darwin Núñez
98%
121,00 Argentine Benfica Chelsea Enzo Fernández
97%
95,00 Brésil Ajax Manchester United Antony
95%
80,00 France AS Monaco Real Madrid Aurélien Tchouaméni
95%
70,65 Brésil Real Madrid Manchester United Casemiro
95%
70,00 Suède Real Sociedad Newcastle Alexander Isak
89%
67,00 Pays-Bas Juventus Turin Bayern Munich Matthijs de Ligt
89%
70,00 Ukraine Shakthtar Donestsk Chelsea Mykhaylo Mudryk
87%
80,40 France Leicester City Chelsea Wesley Fofana
82%
65,00 Espagne Birghton Chelsea Marc Cucurella
73%
Aucun quiz correspondant
Distribution des résultats
% des personnes avec chaque résultat
Percentile par nombre de réponses
Votre historique - résultats
Vous n’avez pas pris ce quiz